Evolúcia v sekvenčnom rozhodovaní pre tetris

Gespeichert in:
Bibliographische Detailangaben
1. Verfasser: Buch, Ondrej, 1987- (Verfasst von)
Weitere Verfasser: Pospíchal, Jiří, 1961- (Betreuung Doktorarbeit)
Format: Manuskript Buch
Sprache:Slowakisch
Veröffentlicht: Bratislava : STU v Bratislave FIIT, 2012
Schlagworte:
Online-Zugang:VAIS
Tags: Tag hinzufügen
Keine Tags, Fügen Sie das erste Tag hinzu!

MARC

LEADER 00000ntm a22000003a 4500
001 stu249631
005 20150617230158.2
008 120629s2012----xo------------------slo-d
040 |a STU  |b slo 
041 0 |a slo 
044 |a xo 
100 1 |a Buch, Ondrej,  |d 1987-  |4 aut  |u I300  |U FIIT Fakulta informatiky a informačných technológií  |T FIIT Ústav aplikovanej informatiky  |X 36273  |U I300  |Y 180  |7 A000036273 
242 0 0 |a Evolution in sequential decision making for tetris  |y eng 
245 1 |a Evolúcia v sekvenčnom rozhodovaní pre tetris 
260 |a Bratislava :  |b STU v Bratislave FIIT,  |c 2012 
300 |a 78 s  |c príl. 
650 7 |a informačné systémy  |2 stusub 
650 7 |a Information Systems  |2 estusub 
700 1 |a Pospíchal, Jiří,  |d 1961-  |4 ths  |u I300  |U FIIT Fakulta informatiky a informačných technológií  |T FIIT Ústav aplikovanej informatiky  |X 1743  |U I300  |Y 180  |7 A000001743 
856 4 |a info a plný text  |u http://is.stuba.sk/zp/portal_zp.pl?podrobnosti=71909  |3 VAIS 
996 |b IDP20/12  |c I*DP20/12  |l II680  |s P  |a 0  |w stu249631_0001